Statistics for Πρόεδρος της Ελληνικής Δημοκρατίας

Click here to take the quiz!

General Stats

  • This quiz has been taken 52 times
  • The average score is 6 of 9

Answer Stats

Πολιτικό κόμμαΠρόεδρος% Correct
Νέα ΔημοκρατίαΚωνσταντίνος Καραμανλής
90%
ΠΑΣΟΚΚάρολος Παπούλιας
83%
Νέα ΔημοκρατίαΠροκόπης Παυλόπουλος
79%
ΑνεξάρτητοςΚωστής Στεφανόπουλος
77%
ΑνεξάρτητοςΚατερίνα Σακελλαροπούλου
77%
ΑνεξάρτητοςΧρήστος Σαρτζετάκης
65%
Νέα ΔημοκρατίαΚωνσταντίνος Τσάτσος
50%
Νέα ΔημοκρατίαΜιχαήλ Στασινόπουλος
31%
ΠΑΣΟΚ*Ιωάννης Αλευράς
19%

Score Distribution

Percentile by Number Answered

Percent of People with Each Score

Your Score History

You have not taken this quiz